| 000 | 00585nam a2200193Ia 4500 | ||
|---|---|---|---|
| 003 | GCL | ||
| 008 | 140319s9999 xx 000 0 ara d | ||
| 040 |
_aGCL / _cGCL |
||
| 082 | 0 | 4 |
_a370.15 _bف ع |
| 100 | 1 | _aامال صادق | |
| 245 | 1 | 0 |
_aعلم النفس التربوى / _cامال صادق |
| 700 | 1 | _aفؤاد ابوحطب | |
| 260 |
_aالقاهرة : _bمكتبة الانجلوالمصرية ، _c1994 |
||
| 300 |
_a827 ص: _b24 سم ؛ _c827 ص |
||
| 490 | _a | ||
| 650 | 0 | 4 | _aعلم النفس التربوى |
| 650 | 0 | 4 | _aالتربية - علم |
| 942 |
_2ddc _cBK |
||
| 999 |
_c39561 _d39561 |
||